000 00697nam a22001817a 4500
999 _c10781
_d10781
003 FranzMayer
005 20191004123143.0
008 190911b ||||| |||| 00| 0 eng d
040 _cFranz
100 _aGutierrez, Joannis
_928348
245 _aRepertorium generale seu index absolutissimus rerum et materiarum omnium, nec non verborum notabiliorum quae in quatuordecim tomis operum /
_cD. Joannis Gutierrez Hispani.
260 _aColoniae Allobrogum [Ginebra] :
_bSumptibus Perachon & Cramer,
_c1731.
300 _a[10], 378 p. ;
_c39 cm.
500 _aEstado físico : en mal estado, separado para restauración
500 _aCO-11
650 _aDerecho canónico
_921260
942 _2lcc
_cB